| 000 | 00569nam a2200205Ia 4500 | ||
|---|---|---|---|
| 003 | GCL | ||
| 008 | 140319s9999 xx 000 0 ara d | ||
| 040 |
_aGCL / _cGCL |
||
| 082 | 0 | 4 |
_a300.72 _bص د |
| 100 | 1 | _aصالح بن حمد العساف | |
| 245 | 1 | 0 |
_aدليل الباحث فى العلوم السلوكية / _cصالح بن حمد العساف |
| 300 | _a210 ص | ||
| 490 | _a | ||
| 650 | 0 | 4 | _aطرق البحث |
| 650 | 0 | 4 | _aالاجتماع |
| 650 | 0 | 4 | _aالسلوك |
| 650 | 0 | 4 | _aالبحوث |
| 650 | 0 | 4 | _aالانسانيات |
| 942 |
_2ddc _cBK |
||
| 999 |
_c44779 _d44779 |
||